Biblioteca del ejecutivo moderno (Registro nro. 14668)
[ vista simple ]
| 000 -CABECERA | |
|---|---|
| Longitud fija campo de control | 01609nam a22003737a 4500 |
| 003 - IDENTIFICADOR DELl NÚMERO DE CONTROL | |
| Identificador del número de control | OSt |
| 005 - FECHA Y HORA DE LA ÚLTIMA TRANSACCIÓN | |
| Fecha y hora de la última transacción | 20141022173259.0 |
| 008 - CÓDIGOS DE INFORMACIÓN DE LONGITUD FIJA | |
| Códigos de información de longitud fija | 141015b1987 slv spa |
| 020 ## - NÚMERO INTERNACIONAL NORMALIZADO PARA LIBROS | |
| Número Internacional Normalizado para Libros (ISBN) | 968-18-2518-7 (obra completa) |
| 040 ## - FUENTE DE LA CATALOGACIÓN | |
| Centro transcriptor | BMC |
| 082 ## - NÚMERO DE LA CLASIFICACIÓN DECIMAL DEWEY | |
| Númeroo de clasificación | 658.3 |
| 082 ## - NÚMERO DE LA CLASIFICACIÓN DECIMAL DEWEY | |
| Númeroo de clasificación | 657 |
| 245 00 - MENCIÓN DE TÍTULO | |
| Título | Biblioteca del ejecutivo moderno |
| Resto del título | : serie II |
| 250 ## - MENCIÓN DE EDICIÓN | |
| Mención de edición | 1ª ed |
| 260 ## - PUBLICACIÓN, DISTRIBUCIÓN, ETC. (PIE DE IMPRENTA) | |
| Lugar de publicación, distribución, etc. | Mexico, D. F. |
| Nombre del editor, distribuidor, etc. | Limusa |
| Fecha de publicación, distribución, etc. | 1987 |
| 300 ## - DESCRIPCIÓN FÍSICA | |
| Extensión | 8 v. |
| Otras características físicas | il., gráf. |
| Dimensiones | 28 cm |
| 490 ## - MENCIÓN DE SERIE | |
| Mención de serie | Serie II |
| 505 ## - NOTA DE CONTENIDO CON FORMATO | |
| Nota de contenido con formato | Contiene: Vol. 1-2: Contabilidad administrativa / S. Winton Korn, Thomas Boyd ; versión española, Delfino Ordoñez García - Vol. 3-4: Administración de personal / Andrew F. Sikula ; versión española, Ana Elena Ferrer Ramírez - Vol. 5-6: Administración para supervisores / R. W. Eckles, R. L. Carmichael, B. R. Sarchet ; versión española, Ricardo Calvet Pérez - Vol. 7-8: Métodos efectivos de ventas / William J. E. Crissy ; versión española, Ricardo Calvet Pérez |
| 595 ## - NOTA DE EDICIÓN E HISTORIA BIBLIOGRÁFICA | |
| Nota de edición e historia bibliográfica | Traducción de : Managerial accounting |
| 650 24 - PUNTO DE ACCESO ADICIONAL DE MATERIA - TÉRMINO DE MATERIA | |
| 9 (RLIN) | 6298 |
| Término de materia o nombre geográfico como elemento inicial | Dirección de personal |
| 650 24 - PUNTO DE ACCESO ADICIONAL DE MATERIA - TÉRMINO DE MATERIA | |
| 9 (RLIN) | 5702 |
| Término de materia o nombre geográfico como elemento inicial | Gestión de recursos humanos |
| 650 24 - PUNTO DE ACCESO ADICIONAL DE MATERIA - TÉRMINO DE MATERIA | |
| 9 (RLIN) | 877 |
| Término de materia o nombre geográfico como elemento inicial | Contabilidad |
| 700 1# - PUNTO DE ACCESO ADICIONAL - NOMBRE DE PERSONA | |
| 9 (RLIN) | 26720 |
| Nombre de persona | Korn, S. Winton |
| 700 1# - PUNTO DE ACCESO ADICIONAL - NOMBRE DE PERSONA | |
| 9 (RLIN) | 26719 |
| Nombre de persona | Boyd, Thomas |
| 700 1# - PUNTO DE ACCESO ADICIONAL - NOMBRE DE PERSONA | |
| 9 (RLIN) | 26721 |
| Nombre de persona | Ordoñez García, Delfino |
| 700 1# - PUNTO DE ACCESO ADICIONAL - NOMBRE DE PERSONA | |
| 9 (RLIN) | 26727 |
| Nombre de persona | Sikula, Andrew F. |
| 700 1# - PUNTO DE ACCESO ADICIONAL - NOMBRE DE PERSONA | |
| 9 (RLIN) | 26726 |
| Nombre de persona | Ferrer Ramírez, Ana Elena |
| 700 1# - PUNTO DE ACCESO ADICIONAL - NOMBRE DE PERSONA | |
| 9 (RLIN) | 26724 |
| Nombre de persona | Eckles, Robert W. |
| 700 1# - PUNTO DE ACCESO ADICIONAL - NOMBRE DE PERSONA | |
| 9 (RLIN) | 26722 |
| Nombre de persona | Carmichael, R. L. |
| 700 1# - PUNTO DE ACCESO ADICIONAL - NOMBRE DE PERSONA | |
| 9 (RLIN) | 26723 |
| Nombre de persona | Sarchet, Bernard R. |
| Fechas asociadas al nombre | 1917-2000 |
| 700 1# - PUNTO DE ACCESO ADICIONAL - NOMBRE DE PERSONA | |
| 9 (RLIN) | 5028 |
| Nombre de persona | Calvet Pérez, Ricardo |
| 700 1# - PUNTO DE ACCESO ADICIONAL - NOMBRE DE PERSONA | |
| 9 (RLIN) | 26725 |
| Nombre de persona | Crissy, William Joseph Eliot |
| 942 ## - ENTRADA DE ELEMENTOS AGREGADOS (KOHA) | |
| Fuente de clasificaión o esquema | Dewey Decimal Classification |
| Koha [por defecto] tipo de item | 1- Monografias |
| Suprimido | Perdido | Fuente de clasificación o esquema | Estropeado | Restricciones de uso | No para préstamo | Código de colección | Localización permanente | Localización actual | Localización en estanter&íacute;as | Fecha adquisición | Fuente de adquisición | Número de inventario | Préstamos totales | Signatura completa | Código de barras | Fecha última consulta | Fecha último préstamo | Fecha del precio de reemplazo | Tipo de item de Koha |
|---|---|---|---|---|---|---|---|---|---|---|---|---|---|---|---|---|---|---|---|
| NULL | NULL | Dewey Decimal Classification | NULL | Prestable | NULL | NULL | Biblioteca Miguel de Cervantes - UNICAES | Biblioteca Miguel de Cervantes - UNICAES | Sala Principal | 25/01/2003 | Donación - COREI | 023168 | 1 | 658.3 BIB (v. 1) | 1023627 | 06/03/2018 | 05/03/2018 | 16/10/2014 | 1- Monografias |
| NULL | NULL | Dewey Decimal Classification | NULL | Prestable | NULL | NULL | Biblioteca Miguel de Cervantes - UNICAES | Biblioteca Miguel de Cervantes - UNICAES | Sala Principal | 25/01/2003 | Donación - COREI | 023169 | 1 | 658.3 BIB (v. 2) | 1023628 | 06/03/2018 | 05/03/2018 | 16/10/2014 | 1- Monografias |
| NULL | NULL | Dewey Decimal Classification | NULL | Prestable | NULL | NULL | Biblioteca Miguel de Cervantes - UNICAES | Biblioteca Miguel de Cervantes - UNICAES | Sala Principal | 25/01/2003 | Donación - COREI | 023170 | 658.3 BIB (v. 3) | 1023629 | 16/10/2014 | 16/10/2014 | 1- Monografias | ||
| NULL | NULL | Dewey Decimal Classification | NULL | Prestable | NULL | NULL | Biblioteca Miguel de Cervantes - UNICAES | Biblioteca Miguel de Cervantes - UNICAES | Sala Principal | 25/01/2003 | Donación - COREI | 023171 | 658.3 BIB (v. 4) | 1023630 | 16/10/2014 | 16/10/2014 | 1- Monografias | ||
| NULL | NULL | Dewey Decimal Classification | NULL | Prestable | NULL | NULL | Biblioteca Miguel de Cervantes - UNICAES | Biblioteca Miguel de Cervantes - UNICAES | Sala Principal | 25/01/2003 | Donación - COREI | 023172 | 658.3 BIB (v. 5) | 1023631 | 16/10/2014 | 16/10/2014 | 1- Monografias | ||
| NULL | NULL | Dewey Decimal Classification | NULL | Prestable | NULL | NULL | Biblioteca Miguel de Cervantes - UNICAES | Biblioteca Miguel de Cervantes - UNICAES | Sala Principal | 25/01/2003 | Donación - COREI | 023173 | 658.3 BIB (v. 6) | 1023632 | 16/10/2014 | 16/10/2014 | 1- Monografias | ||
| NULL | NULL | Dewey Decimal Classification | NULL | Prestable | NULL | NULL | Biblioteca Miguel de Cervantes - UNICAES | Biblioteca Miguel de Cervantes - UNICAES | Sala Principal | 25/01/2003 | Donación - COREI | 023174 | 658.3 BIB (v. 7) | 1023633 | 16/10/2014 | 16/10/2014 | 1- Monografias | ||
| NULL | NULL | Dewey Decimal Classification | NULL | Prestable | NULL | NULL | Biblioteca Miguel de Cervantes - UNICAES | Biblioteca Miguel de Cervantes - UNICAES | Sala Principal | 25/01/2003 | Donación - COREI | 023175 | 658.3 BIB (v. 8) | 1023634 | 16/10/2014 | 16/10/2014 | 1- Monografias |